000 00550nam a2200193 i 4500
001 bg
100 1 _aGWIAZDA, Adam
245 0 _aMiędzynarodowa współzależność ekonomiczna we współczesnym świecie /
_cAdam Gwiazda.
260 _aWarszawa :
_bPWN,
_c1985.
300 _a202 s. ;
_c21 cm.
650 9 _aGospodarka
_xpolityka
650 9 _aHandel międzynarodowy
_xpolityka
650 9 _aHandel zagraniczny
040 _cBPK
041 _apol
080 _a329.97(100):339.5"19"
942 _cKS
008 s pl f |000 0 pol
999 _c2517
_d2517
856 _uhttp://koha.tu.koszalin.pl/cgi-bin/koha/opac-detail.pl?biblionumber=2517
_yKatalog online BPK